000 00552nam a2200181Ia 4500
008 090124s9999 xx 000 0 und d
082 _b28410
100 _aराजे शैलजा
245 _a आसवांची पालखी
250 _a1
260 _bमनोरमा प्रकाशन
_c1990
300 _a180
600 _aराजे शैलजा
630 _a आसवांची पालखी
700 _aराजे शैलजा
730 _a आसवांची पालखी
942 _cBOOK
999 _c95297
_d95297